| 000 | 00869nam a22002297a 4500 | ||
|---|---|---|---|
| 999 |
_c11567 _d11567 |
||
| 003 | AR-CdUCM | ||
| 008 | 190404b ||||| |||| 00| 0 spa d | ||
| 040 |
_aMUNICIPALIDAD PROVINCIAL DEL CUSCO _cBIBLIOTECA MUNICIPAL DEL CUSCO |
||
| 082 |
_aES / 608 / _bB44 |
||
| 100 |
_aBendick, Jeanne _928988 |
||
| 245 | _aElectrones para todos / | ||
| 260 |
_aBarcelona : _bRamon Sopena, _c1958. |
||
| 300 |
_a183 paginas ; _bilustraciones, graficos, dibujos, _c21 cm. |
||
| 505 | _aContenido: Electron -- los electrones se ponen a trabajar -- valvulas electronicas -- electricidad en los 50 aƱos -- los electrones y la defensa... | ||
| 650 |
_aTexto Educativo _925832 |
||
| 650 |
_aElectron _928989 |
||
| 650 |
_aElectricidad _915840 |
||
| 650 |
_aLibro de Experimentos _928990 |
||
| 700 |
_aBiosca, Francisco M. _928991 |
||
| 942 |
_2ddc _cLIBROS |
||
| 945 |
_apjha _d2019-04-04 |
||